[Event "4NCL/Div2d/ANGA vs. CHEDP"]
[Site "Staverton Park ENG"]
[Date "2009.05.02"]
[Round "9.4"]
[White "Schuurman, Petra"]
[Black "Gray, Mark S"]
[Result "1-0"]
[WhiteElo "2348"]
[BlackElo "2125"]
[PlyCount "257"]
[EventDate "2009.05.02"]
[SourceDate "2008.10.04"]

1. d4 Nf6 2. c4 e6 3. Nc3 d5 4. cxd5 exd5 5. Bg5 c6 6. e3 Bf5 7. Qf3 Bg6 8.
Bxf6 Qxf6 9. Qxf6 gxf6 10. Nf3 Nd7 11. Nh4 Be7 12. g3 Nb6 13. f3 Nc8 14. Kf2
Nd6 15. Ng2 O-O-O 16. Nf4 Rde8 17. h4 Kb8 18. h5 Bf5 19. Rc1 Rhg8 20. Na4 Bc8
21. Bd3 h6 22. Nc5 Nf5 23. Bxf5 Bxf5 24. Rc3 Rg5 25. Rb3 Bxc5 26. dxc5 Reg8 27.
Ne2 Be6 28. Rb4 Kc7 29. Ra4 a6 30. Rb4 Bd7 31. Rb6 Bf5 32. Rh4 Bc8 33. a4 Re8
34. Rb3 Reg8 35. Rh1 Be6 36. Rb6 Bf5 37. Rh4 Bc8 38. Rb3 Be6 39. Rc3 Bc8 40. b4
Bd7 41. Rh1 Be6 42. a5 Bd7 43. Rd3 Bf5 44. Rd4 Be6 45. Rf4 f5 46. Rh3 Kd7 47.
Nc1 f6 48. Ne2 Bf7 49. Rfh4 Be6 50. Rh1 Bf7 51. R4h3 Be6 52. Nf4 R8g7 53. Rd1
Rg8 54. Rd4 R8g7 55. Rd1 Rg8 56. Rg1 Bf7 57. Rhh1 R8g7 58. Rg2 Rg8 59. Ne2 Be6
60. Nd4 R8g7 61. Rgg1 Rg8 62. Ne2 R8g7 63. Rh4 Rg8 64. Nf4 Bf7 65. Nd3 Be6 66.
Rg2 R8g7 67. Nf4 Bf7 68. Nh3 Rxh5 69. Rxh5 Bxh5 70. Nf4 Bf7 71. Rh2 Rh7 72. Rh4
Be6 73. Ne2 Ke7 74. Nd4 Kf7 75. Rf4 h5 76. Rh4 Bd7 77. Ne2 Kg6 78. Nf4+ Kg5 79.
Ke2 Rh8 80. Kd3 Bc8 81. Kd4 Bd7 82. Rh1 Rh7 83. Ra1 Re7 84. Kd3 Bc8 85. Rh1 Rh7
86. Ne2 Bd7 87. Nd4 Re7 88. Ra1 Rh7 89. Ra2 Re7 90. Ne2 Rh7 91. Nf4 Re7 92. b5
axb5 93. a6 bxa6 94. Rxa6 Be8 95. Ra8 h4 96. gxh4+ Kxh4 97. Ne2 Bg6 98. f4 Be8
99. Nd4 Kg4 100. Ra1 Bd7 101. Ra7 Rf7 102. Nxc6 Be8 103. Rxf7 Bxf7 104. Nb4 Kf3
105. c6 Be8 106. c7 Bd7 107. Nxd5 Be6 108. Nb4 Bc4+ 109. Kd4 Be6 110. Kd3 Bc4+
111. Kd2 Be6 112. Nc6 Bd7 113. Nd4+ Ke4 114. Nxb5 Kd5 115. Na7 Ke4 116. c8=Q
Bxc8 117. Nxc8 Kd5 118. Ne7+ Ke6 119. Nc6 Kd5 120. Nd4 Ke4 121. Ke2 Kd5 122.
Nxf5 Ke4 123. Nd4 Kd5 124. Kf3 Kd6 125. Ke4 Ke7 126. Kf5 Kf7 127. Ne2 Ke7 128.
Nc3 Kf7 129. Nd5 1-0

[Event "4NCL/Div2d/ANGA vs. CHEDP"]
[Site "Staverton Park ENG"]
[Date "2009.05.02"]
[Round "9.5"]
[White "Gregory, Stephen J"]
[Black "Wallace, Paul A"]
[Result "1/2-1/2"]
[WhiteElo "2163"]
[BlackElo "2243"]
[PlyCount "121"]
[EventDate "2009.05.02"]
[SourceDate "2008.10.04"]

1. e4 e5 2. Bc4 Nf6 3. Qe2 Nc6 4. Nf3 Be7 5. d3 O-O 6. c3 d6 7. Nbd2 Na5 8. Bb5
a6 9. Ba4 b5 10. Bc2 c5 11. Nf1 Re8 12. Ng3 Bf8 13. O-O g6 14. h3 Bb7 15. Nh2
d5 16. Ng4 Nxg4 17. hxg4 Qh4 18. Nh1 Rad8 19. f3 d4 20. g3 Qe7 21. cxd4 Rxd4
22. Nf2 Bc8 23. Be3 Rdd8 24. Kg2 Be6 25. f4 exf4 26. gxf4 Nc6 27. f5 Bc8 28.
Nh3 Bg7 29. Bg5 f6 30. Be3 g5 31. Nf2 Bb7 32. a4 Nd4 33. Bxd4 Rxd4 34. axb5
axb5 35. Ra3 c4 36. dxc4 bxc4 37. Re3 Qb4 38. Rc3 Qxb2 39. Qe3 Rd3 40. Rxd3
cxd3 41. Bxd3 Qe5 42. Rb1 Ba8 43. Rb5 Qc7 44. Qd4 Rc8 45. Qc4+ Qxc4 46. Bxc4+
Rxc4 47. Rb8+ Kf7 48. Rxa8 Bf8 49. Ra7+ Kg8 50. Rd7 Bc5 51. Nd3 Bb6 52. Kf3 Rd4
53. Rxd4 Bxd4 54. e5 fxe5 55. Ke4 Kg7 56. Nxe5 Bc3 57. Nd7 h5 58. gxh5 Kh6 59.
f6 Bxf6 60. Nxf6 g4 61. Kf4 1/2-1/2

[Event "4NCL/Div2d/ANGA vs. CHEDP"]
[Site "Staverton Park ENG"]
[Date "2009.05.02"]
[Round "9.6"]
[White "McKenna, Jason P"]
[Black "Bucknell, Malcolm"]
[Result "1-0"]
[WhiteElo "2167"]
[BlackElo "2175"]
[PlyCount "103"]
[EventDate "2009.05.02"]
[SourceDate "2008.10.04"]

1. e4 c6 2. d4 d5 3. Nc3 dxe4 4. Nxe4 Bf5 5. Ng3 Bg6 6. h4 h6 7. Nf3 Nd7 8. h5
Bh7 9. Bd3 Bxd3 10. Qxd3 e6 11. Bd2 Ngf6 12. O-O-O Qc7 13. Ne4 Nxe4 14. Qxe4
Nf6 15. Qe2 O-O-O 16. c4 Bd6 17. Kb1 c5 18. Bc3 Qc6 19. d5 Qa6 20. Bxf6 gxf6
21. dxe6 Rhe8 22. Qd2 Rxe6 23. Qxh6 Qxc4 24. Rh4 Qb5 25. Qc1 Kb8 26. h6 Rh8 27.
h7 Qe8 28. Qc2 Be7 29. Rh5 Qc6 30. Rhd5 Qe8 31. Rd7 Kc8 32. Qd3 Qf8 33. Nh4 c4
34. Qd5 Rb6 35. Nf5 Ba3 36. Rd8+ Qxd8 37. Qxd8+ Rxd8 38. Rxd8+ Kxd8 39. h8=Q+
Kd7 40. Qh3 c3 41. Qxc3 Bxb2 42. Qxb2 Rxb2+ 43. Kxb2 Ke6 44. Ne3 f5 45. f4 Kf6
46. Kc3 Ke6 47. Kc4 Kf6 48. Kd5 Kg6 49. Ke5 b5 50. Nxf5 a5 51. Nd4 b4 52. Nc6
1-0

[Event "4NCL/Div2d/ANGA vs. CHEDP"]
[Site "Staverton Park ENG"]
[Date "2009.05.02"]
[Round "9.7"]
[White "Wallis, Ian"]
[Black "Bennett, Patrick"]
[Result "0-1"]
[WhiteElo "1962"]
[BlackElo "2075"]
[PlyCount "54"]
[EventDate "2009.05.02"]
[SourceDate "2008.10.04"]

1. e4 g6 2. d4 Bg7 3. Nc3 d6 4. Be3 a6 5. Qd2 Nd7 6. Nf3 h6 7. Bd3 e6 8. O-O
Ne7 9. Rfe1 b6 10. d5 e5 11. Nh4 Nf6 12. f3 Nh5 13. g3 Nf6 14. Bf1 g5 15. Ng2
Ng6 16. Bd3 Nh5 17. Ne2 O-O 18. c4 Kh7 19. Rf1 Bh3 20. Rf2 Kg8 21. Rc1 Qf6 22.
Ne1 Nhf4 23. Nc3 Bd7 24. Bf1 Qe7 25. Kh1 f5 26. Nd3 Nxd3 27. Bxd3 f4 0-1

[Event "4NCL/Div2d/ANGA vs. CHEDP"]
[Site "Staverton Park ENG"]
[Date "2009.05.02"]
[Round "9.8"]
[White "Whitfield, Craig M"]
[Black "Merry, Alan B"]
[Result "1-0"]
[WhiteElo "1951"]
[BlackElo "1900"]
[PlyCount "53"]
[EventDate "2009.05.02"]
[SourceDate "2008.10.04"]

1. e4 c5 2. Nc3 Nc6 3. Bb5 Nd4 4. Bc4 a6 5. d3 e6 6. Nf3 b5 7. Bb3 Qc7 8. Be3
Nxf3+ 9. Qxf3 c4 10. dxc4 bxc4 11. Ba4 Bb4 12. Bd2 Nf6 13. a3 Bxc3 14. Bxc3 Bb7
15. Bxf6 gxf6 16. O-O-O O-O-O 17. Qxf6 Rhg8 18. Qxf7 Rxg2 19. Rd4 Kb8 20. Rhd1
d5 21. Qxe6 Rf8 22. exd5 c3 23. d6 cxb2+ 24. Kxb2 Qb6+ 25. Rb4 Qxf2 26. Qe7 Qf3
27. Rd3 1-0

[Event "4NCL/Div2d/BRJ vs. SWD2"]
[Site "Staverton Park ENG"]
[Date "2009.05.02"]
[Round "9.1"]
[White "Haydon, Richard"]
[Black "Morris, Gareth L"]
[Result "1/2-1/2"]
[WhiteElo "2189"]
[BlackElo "2156"]
[PlyCount "59"]
[EventDate "2009.05.02"]
[SourceDate "2008.10.04"]

1. Nf3 Nf6 2. c4 g6 3. g3 Bg7 4. Bg2 O-O 5. O-O c6 6. d4 d5 7. cxd5 cxd5 8. Nc3
e6 9. Bg5 h6 10. Bxf6 Qxf6 11. e3 Nc6 12. Ne1 Bd7 13. Nd3 b6 14. Qd2 Qe7 15.
Rfc1 Rac8 16. Rc2 Na5 17. b3 Qd6 18. Rac1 Rc7 19. Nf4 Rfc8 20. Bf1 Qa3 21. Bd3
Bf8 22. Nce2 Bd6 23. Rxc7 Rxc7 24. Rxc7 Bxc7 25. Qc2 Bxf4 26. Nxf4 g5 27. Nh5
Qd6 28. Bg6 Qe7 29. Bh7+ Kh8 30. Bd3 1/2-1/2

[Event "4NCL/Div2d/BRJ vs. SWD2"]
[Site "Staverton Park ENG"]
[Date "2009.05.02"]
[Round "9.2"]
[White "Brown, Alan M"]
[Black "Richmond, Peter A"]
[Result "0-1"]
[WhiteElo "2116"]
[BlackElo "2249"]
[PlyCount "70"]
[EventDate "2009.05.02"]
[SourceDate "2008.10.04"]

1. d4 d5 2. Nf3 Nc6 3. Bf4 Bg4 4. e3 e6 5. Be2 Bd6 6. Bxd6 cxd6 7. O-O f5 8.
Nbd2 Nf6 9. c4 O-O 10. Rc1 Kh8 11. h3 Bh5 12. Ng5 Bxe2 13. Qxe2 Qe7 14. f4 Rae8
15. Qd3 e5 16. cxd5 Nb4 17. Qb3 Nbxd5 18. fxe5 dxe5 19. Rxf5 exd4 20. exd4 Qe2
21. Nc4 h6 22. Re5 Rxe5 23. Nxe5 hxg5 24. Ng6+ Kg8 25. Nxf8 Kxf8 26. Rc8+ Kf7
27. Rc2 Qd1+ 28. Kh2 Kg6 29. Rc8 Qxd4 30. Qxb7 Qe5+ 31. Kg1 Qe1+ 32. Kh2 Ne3
33. Rc7 Neg4+ 34. hxg4 Nxg4+ 35. Kh3 Qh4# 0-1

[Event "4NCL/Div2d/BRJ vs. SWD2"]
[Site "Staverton Park ENG"]
[Date "2009.05.02"]
[Round "9.3"]
[White "Bourne, Johnathan"]
[Black "Burton, Graham P"]
[Result "1/2-1/2"]
[WhiteElo "2096"]
[BlackElo "2059"]
[PlyCount "45"]
[EventDate "2009.05.02"]
[SourceDate "2008.10.04"]

1. d4 Nf6 2. Bg5 c5 3. Bxf6 gxf6 4. d5 Qb6 5. Qc1 f5 6. e3 Bg7 7. c3 e5 8. Na3
d6 9. g3 O-O 10. Ne2 Nd7 11. Nc4 Qc7 12. a4 b6 13. Na3 Nf6 14. Nb5 Qb8 15. c4
a6 16. Nbc3 b5 17. axb5 Bd7 18. Bg2 axb5 19. Rxa8 Qxa8 20. cxb5 Qa5 21. O-O
Bxb5 22. Nxb5 Qxb5 23. Qc2 1/2-1/2

[Event "4NCL/Div2d/BRJ vs. SWD2"]
[Site "Staverton Park ENG"]
[Date "2009.05.02"]
[Round "9.5"]
[White "Rabbitt, Michael"]
[Black "Mort, Andrew J"]
[Result "1-0"]
[WhiteElo "2025"]
[BlackElo "2015"]
[PlyCount "71"]
[EventDate "2009.05.02"]
[SourceDate "2008.10.04"]

1. d4 Nf6 2. Bg5 d5 3. Nc3 Nbd7 4. f3 c6 5. e4 dxe4 6. fxe4 Qa5 7. Qd2 e6 8.
Nf3 Bb4 9. Bd3 O-O 10. O-O c5 11. Bxf6 Nxf6 12. e5 cxd4 13. exf6 dxc3 14. Qf4
cxb2 15. Qh4 h6 16. fxg7 Qc5+ 17. Kh1 bxa1=Q 18. gxf8=Q+ Qxf8 19. Rxa1 Bc3 20.
Rf1 Bd7 21. Qe4 f5 22. Qxb7 Qc8 23. Qb3 Rb8 24. Qa3 Qc7 25. Qc1 Kg7 26. Qe3 Bf6
27. Rd1 Rb6 28. Nd4 Rb4 29. Nxe6+ Bxe6 30. Qxe6 Qe5 31. Qd7+ Kg6 32. Qxa7 Rh4
33. Qg1 Be7 34. g3 Rh5 35. g4 Rg5 36. Bxf5+ 1-0

[Event "4NCL/Div2d/BRJ vs. SWD2"]
[Site "Staverton Park ENG"]
[Date "2009.05.02"]
[Round "9.6"]
[White "Doran, Chris"]
[Black "Tomboline, David"]
[Result "1-0"]
[WhiteElo "1919"]
[BlackElo "2014"]
[PlyCount "113"]
[EventDate "2009.05.02"]
[SourceDate "2008.10.04"]

1. e4 e6 2. d4 d5 3. Nd2 dxe4 4. Nxe4 Bd7 5. Bd3 Bc6 6. Nf3 Nd7 7. c4 Ngf6 8.
Nc3 Bxf3 9. Qxf3 c6 10. Bf4 Be7 11. O-O O-O 12. Rfd1 Qa5 13. a3 Qh5 14. Qg3 Qg4
15. Qxg4 Nxg4 16. d5 exd5 17. cxd5 cxd5 18. Nxd5 Bc5 19. Bg3 Ngf6 20. Bf5 Rfd8
21. b4 Bb6 22. Nxb6 Nxb6 23. Bc7 Rd5 24. Bxb6 axb6 25. Rxd5 Nxd5 26. Rd1 g6 27.
Rxd5 gxf5 28. Rd3 Kg7 29. f4 Rc8 30. Rd7 Rc3 31. Rxb7 Rxa3 32. Rxb6 Ra2 33. h3
Rb2 34. Kh2 Rb3 35. b5 h6 36. Kg1 Rb2 37. Kh2 Rb3 38. Rb8 Kf6 39. b6 Kg7 40.
Rb7 Kf6 41. Rb8 Kg7 42. b7 Kf6 43. Kg1 Rb2 44. Kf1 Ke7 45. Kg1 Kf6 46. Kf1 Ke7
47. Ke1 Kd7 48. Rf8 Rxb7 49. Rxf7+ Kc6 50. Rxf5 Re7+ 51. Kf2 Re6 52. Kf3 Kd6
53. Rf7 Kd5 54. Rd7+ Kc6 55. Rd3 h5 56. f5 Re1 57. Kf4 1-0

[Event "4NCL/Div2d/BRJ vs. SWD2"]
[Site "Staverton Park ENG"]
[Date "2009.05.02"]
[Round "9.7"]
[White "Headlong, Fenella"]
[Black "Dixon, Chris"]
[Result "1/2-1/2"]
[WhiteElo "1995"]
[BlackElo "1895"]
[PlyCount "38"]
[EventDate "2009.05.02"]
[SourceDate "2008.10.04"]

1. e4 d6 2. d4 Nf6 3. Nc3 g6 4. Nf3 Bg7 5. Bc4 c6 6. e5 dxe5 7. Nxe5 O-O 8. O-O
Nbd7 9. f4 Nb6 10. Bb3 Nbd5 11. Qf3 Qb6 12. Be3 Nxe3 13. Qxe3 Ng4 14. Qd2 Nxe5
15. fxe5 Bxe5 16. Rad1 Bg7 17. Na4 Qc7 18. Nc5 Bg4 19. Rde1 Rad8 1/2-1/2

[Event "4NCL/Div2d/BRJ vs. SWD2"]
[Site "Staverton Park ENG"]
[Date "2009.05.02"]
[Round "9.8"]
[White "Menon, Davin"]
[Black "Richmond, Jane (reserve)"]
[Result "0-1"]
[WhiteElo "1564"]
[BlackElo "2124"]
[PlyCount "68"]
[EventDate "2009.05.02"]
[SourceDate "2008.10.04"]

1. e4 e6 2. d4 d5 3. Nc3 Bb4 4. e5 c5 5. Bd2 cxd4 6. Nb5 Be7 7. Qg4 g6 8. Bd3
Nc6 9. Nf3 h5 10. Qf4 Nh6 11. Nbxd4 Qb6 12. Nxc6 bxc6 13. Qa4 Bd7 14. b3 h4 15.
Bxh6 Rxh6 16. Qf4 Qb4+ 17. Qd2 Rh5 18. h3 Rb8 19. a3 Qxd2+ 20. Kxd2 c5 21. Rhe1
Bd8 22. Re2 Ba5+ 23. Kc1 Bc3 24. Rb1 Ke7 25. Kd1 Bc6 26. Kc1 a5 27. a4 Rb4 28.
Ba6 Rh8 29. Re3 d4 30. Rxc3 dxc3 31. Bc4 Rh5 32. Be2 Bxf3 33. Bxf3 Rxe5 34. Kd1
Rd4+ 0-1

[Event "4NCL/Div2d/CELT1 vs. BARY"]
[Site "Staverton Park ENG"]
[Date "2009.05.03"]
[Round "10.1"]
[White "Wippermann, Till"]
[Black "Taylor, Peter"]
[Result "1-0"]
[WhiteElo "2434"]
[BlackElo "2244"]
[PlyCount "80"]
[EventDate "2009.05.03"]
[SourceDate "2008.10.04"]

1. e4 c6 2. d4 d5 3. e5 c5 4. dxc5 e6 5. a3 Bxc5 6. b4 Bf8 7. Nf3 a5 8. b5 Nd7
9. Bb2 f6 10. c4 Nb6 11. cxd5 Nxd5 12. Bc4 fxe5 13. Nxe5 Ngf6 14. O-O Bd6 15.
Nd2 O-O 16. Ndf3 Bd7 17. Re1 Rc8 18. Rc1 Bc5 19. Nd4 Re8 20. Qd2 Bb6 21. Qg5
Rc7 22. Rcd1 Bc8 23. Bb3 Qe7 24. Nc4 Bc5 25. b6 Nxb6 26. Nxb6 Bxb6 27. Nxe6
Bxe6 28. Rxe6 Qxe6 29. Bxe6+ Rxe6 30. Bxf6 Rxf6 31. Rd8+ Kf7 32. Qh5+ Rg6 33.
Rd1 Kg8 34. Kf1 Rc5 35. Qe2 Rc8 36. f3 Bc5 37. Qc4+ Kf8 38. Rd7 Rf6 39. Rxb7
Rcc6 40. Qd5 Be7 1-0

[Event "4NCL/Div2d/CELT1 vs. BARY"]
[Site "Staverton Park ENG"]
[Date "2009.05.03"]
[Round "10.2"]
[White "Franklin, Samuel"]
[Black "Hoffmann, Hendrik"]
[Result "1/2-1/2"]
[WhiteElo "2131"]
[BlackElo "2210"]
[PlyCount "45"]
[EventDate "2009.05.03"]
[SourceDate "2008.10.04"]

1. e4 d6 2. d4 Nf6 3. Nc3 g6 4. f4 Bg7 5. Nf3 O-O 6. Bd3 Na6 7. O-O c5 8. d5
Bg4 9. Kh1 Nc7 10. h3 Bxf3 11. Qxf3 a6 12. a4 Qd7 13. a5 Nb5 14. Na4 Nd4 15.
Nb6 Nxf3 16. Nxd7 Nxd7 17. Rxf3 Rfc8 18. c3 c4 19. Bc2 Nc5 20. Be3 Rab8 21. Rf2
Bh6 22. Bd4 Bg7 23. Be3 1/2-1/2

[Event "4NCL/Div2d/CELT1 vs. BARY"]
[Site "Staverton Park ENG"]
[Date "2009.05.03"]
[Round "10.3"]
[White "Kemp, Peter D"]
[Black "O'Toole, George E"]
[Result "1/2-1/2"]
[WhiteElo "2167"]
[BlackElo "2125"]
[PlyCount "101"]
[EventDate "2009.05.03"]
[SourceDate "2008.10.04"]

1. d4 d5 2. c4 e6 3. Nf3 Nf6 4. g3 Be7 5. Bg2 O-O 6. O-O dxc4 7. Qc2 a6 8. Qxc4
b5 9. Qc2 Bb7 10. Bd2 Be4 11. Qc1 Qc8 12. Bg5 Nbd7 13. Nbd2 Bb7 14. Nb3 a5 15.
Rd1 Bd6 16. Nc5 Bd5 17. Qc2 Bxc5 18. Bxf6 Bd6 19. Bg5 Qb7 20. Ne1 h6 21. e4
hxg5 22. exd5 exd5 23. Qf5 Nf6 24. Qxg5 Ne4 25. Qg4 c5 26. Nc2 Rae8 27. Ne3
cxd4 28. Rxd4 Bc5 29. Rxd5 Nxf2 30. Rxc5 Nxg4 31. Bxb7 Rxe3 32. Rd1 Re5 33.
Rxe5 Nxe5 34. Rd5 Nc4 35. Bc6 Rb8 36. Rxb5 Rxb5 37. Bxb5 Nxb2 38. Kf1 Nd1 39.
Ke1 Nc3 40. Bc4 Kf8 41. Kd2 Na4 42. Ke3 Ke7 43. Kd4 f5 44. Ke5 g6 45. h4 Nc3
46. h5 gxh5 47. Kxf5 a4 48. Ke5 a3 49. Kf5 Kf8 50. Kg5 Ne4+ 51. Kxh5 1/2-1/2

[Event "4NCL/Div2d/CELT1 vs. BARY"]
[Site "Staverton Park ENG"]
[Date "2009.05.03"]
[Round "10.4"]
[White "Moore, John C"]
[Black "Thomas, Robert K"]
[Result "0-1"]
[WhiteElo "2063"]
[BlackElo "2155"]
[PlyCount "66"]
[EventDate "2009.05.03"]
[SourceDate "2008.10.04"]

1. e4 e6 2. d4 d5 3. Nc3 dxe4 4. Nxe4 Bd7 5. Nf3 Bc6 6. Bd3 Nd7 7. O-O Ngf6 8.
Qe2 Be7 9. Neg5 Bxf3 10. Nxf3 O-O 11. Bg5 c5 12. Rad1 cxd4 13. Nxd4 a6 14. Rfe1
Re8 15. Nxe6 Qa5 16. Bc4 Bf8 17. Bd2 Qa4 18. Bb3 Qc6 19. Bg5 Nc5 20. Bxf6 Nxb3
21. cxb3 Rxe6 22. Be5 Rae8 23. f4 f6 24. Rc1 Qb6+ 25. Kh1 fxe5 26. fxe5 Qd4 27.
Qh5 g6 28. Qf3 Rxe5 29. Red1 Qxb2 30. h4 Bd6 31. Rxd6 Qxc1+ 32. Kh2 Qc7 33. Rf6
Rf5+ 0-1

[Event "4NCL/Div2d/CELT1 vs. BARY"]
[Site "Staverton Park ENG"]
[Date "2009.05.03"]
[Round "10.5"]
[White "Mueller, Jan"]
[Black "Brett, Andrew"]
[Result "0-1"]
[WhiteElo "2118"]
[BlackElo "2065"]
[PlyCount "132"]
[EventDate "2009.05.03"]
[SourceDate "2008.10.04"]

1. d4 Nf6 2. Bg5 e6 3. e4 h6 4. Bxf6 Qxf6 5. Nf3 d5 6. Nbd2 dxe4 7. Nxe4 Qd8 8.
Qd2 Nd7 9. Bd3 Be7 10. O-O O-O 11. c4 b6 12. Rfd1 Bb7 13. Qe3 c5 14. d5 exd5
15. cxd5 Re8 16. Qf4 a6 17. d6 Bf6 18. Re1 Bxb2 19. Rad1 Bd5 20. Bb1 Be6 21.
Re2 Bf6 22. Ng3 b5 23. Nf5 Bxf5 24. Qxf5 g6 25. Rxe8+ Qxe8 26. Qd5 Kg7 27. Re1
Qd8 28. h4 Nb6 29. Qxc5 Rc8 30. Qa3 a5 31. Qxa5 Bc3 32. Qxb5 Bxe1 33. Nxe1 Qxd6
34. Bd3 Rc5 35. Qb4 Rd5 36. Qb3 Nd7 37. g3 Nc5 38. Qb2+ Qe5 39. Qxe5+ Rxe5 40.
Kf1 Nxd3 41. Nxd3 Ra5 42. Nc1 Rc5 43. Nb3 Rc2 44. a4 Ra2 45. Nc5 Kf6 46. Kg2
Ke7 47. g4 Kd6 48. Nd3 Rxa4 49. f3 f5 50. h5 gxh5 51. gxf5 Rd4 52. Nf2 Ke5 53.
Ne4 Kxf5 54. Kg3 Rd1 55. Nf2 Rg1+ 56. Kh2 Rg8 57. Nd3 h4 58. Kh3 Rg3+ 59. Kxh4
Rxf3 60. Ne1 Rf1 61. Ng2 Kg6 62. Ne3 Ra1 63. Ng2 Ra4+ 64. Kg3 Kg5 65. Kh3 Ra3+
66. Kh2 Kg4 0-1

[Event "4NCL/Div2d/CELT1 vs. BARY"]
[Site "Staverton Park ENG"]
[Date "2009.05.03"]
[Round "10.6"]
[White "Wells, Daniel"]
[Black "Pedersen, Carsten"]
[Result "1-0"]
[WhiteElo "2005"]
[BlackElo "2167"]
[PlyCount "43"]
[EventDate "2009.05.03"]
[SourceDate "2008.10.04"]

1. e4 e6 2. d4 d5 3. Nc3 Bb4 4. e5 c5 5. a3 Bxc3+ 6. bxc3 Qc7 7. Qg4 f5 8. Qg3
Nc6 9. Nf3 cxd4 10. cxd4 Nge7 11. Be2 O-O 12. O-O Bd7 13. c3 Na5 14. Ng5 Rac8
15. Nxh7 Kxh7 16. Qh4+ Kg8 17. Qxe7 Rf7 18. Qh4 Qxc3 19. Bg5 Nb3 20. Rad1 Rff8
21. Be7 Nd2 22. Bb4 1-0

[Event "4NCL/Div2d/CELT1 vs. BARY"]
[Site "Staverton Park ENG"]
[Date "2009.05.03"]
[Round "10.7"]
[White "French, Angus"]
[Black "Cumming, Rhys"]
[Result "0-1"]
[WhiteElo "2124"]
[BlackElo "1890"]
[PlyCount "130"]
[EventDate "2009.05.03"]
[SourceDate "2008.10.04"]

1. e4 e5 2. Nf3 Nc6 3. d4 exd4 4. Nxd4 Nf6 5. Nc3 Bb4 6. Nxc6 bxc6 7. Bd3 O-O
8. O-O d5 9. exd5 cxd5 10. Bg5 c6 11. Na4 h6 12. Bh4 Bd6 13. c3 Be6 14. b4 Re8
15. f4 Bd7 16. Qf3 d4 17. cxd4 Bxb4 18. Rac1 Bd2 19. Bh7+ Kh8 20. Bb1 Bxc1 21.
Rxc1 Qe7 22. Nc5 Rad8 23. Nxd7 Rxd7 24. Rxc6 Rxd4 25. h3 Qe3+ 26. Qxe3 Rxe3 27.
Bc2 Rxf4 28. Bf2 Re7 29. Rc8+ Ng8 30. g3 Rf6 31. Bd4 Rfe6 32. Kf2 Re8 33. Rxe8
Rxe8 34. Bb3 a6 35. Bc5 Rc8 36. Bb4 Rc7 37. Ke3 Ne7 38. Ke4 f6 39. g4 g6 40. h4
Kg7 41. Bd6 Rd7 42. Bb4 Nc6 43. Bc5 Ne5 44. g5 hxg5 45. hxg5 Ng4 46. Bd4 Rxd4+
47. Kxd4 fxg5 48. a4 a5 49. Be6 Nh6 50. Kc5 Kf6 51. Bc8 Nf5 52. Bb7 g4 53. Bg2
Ke5 54. Kb5 Ne3 55. Bb7 g3 56. Bf3 Nd5 57. Kxa5 Nc3 58. Kb4 Nxa4 59. Kxa4 Kf4
60. Bc6 Ke3 61. Kb4 Kf2 62. Kc4 g2 63. Bxg2 Kxg2 64. Kd4 g5 65. Ke4 g4 0-1

[Event "4NCL/Div2d/CELT1 vs. BARY"]
[Site "Staverton Park ENG"]
[Date "2009.05.03"]
[Round "10.8"]
[White "Ynojosa, Angelica M"]
[Black "Owens, Megan"]
[Result "1/2-1/2"]
[WhiteElo "1751"]
[BlackElo "1738"]
[PlyCount "72"]
[EventDate "2009.05.03"]
[SourceDate "2008.10.04"]

1. e4 c5 2. c3 d5 3. exd5 Nf6 4. d4 cxd4 5. Qxd4 Qxd5 6. Nf3 Nc6 7. Qxd5 Nxd5
8. Bc4 Nb6 9. Bb3 Bg4 10. Nbd2 e6 11. O-O Be7 12. Re1 O-O 13. h3 Bf5 14. Ne4
Rfd8 15. Bf4 Rd7 16. Bg3 Rad8 17. Ne5 Nxe5 18. Bxe5 Nd5 19. Ba4 b5 20. Bxb5 Rb7
21. c4 Nb4 22. Re2 a6 23. Ba4 Nd3 24. Ng3 Nxe5 25. Nxf5 Bf6 26. Ne3 Nd3 27. Rb1
Rxb2 28. Rbxb2 Nxb2 29. Bb3 Nd3 30. Ng4 Bg5 31. Rc2 Nc5 32. Rc3 h5 33. Ne3 Ne4
34. Rc2 Nc5 35. Rc3 Ne4 36. Rc2 Nc5 1/2-1/2

[Event "4NCL/Div2d/CHEDP vs. BRJ"]
[Site "Staverton Park ENG"]
[Date "2009.05.03"]
[Round "10.1"]
[White "Arkell, Keith"]
[Black "Richmond, Peter A"]
[Result "1-0"]
[WhiteElo "2517"]
[BlackElo "2249"]
[PlyCount "61"]
[EventDate "2009.05.03"]
[SourceDate "2008.10.04"]

1. d4 d5 2. c4 e5 3. dxe5 d4 4. Nf3 Nc6 5. Bg5 Qd7 6. a3 a5 7. h4 h6 8. Bf4 Bc5
9. Nbd2 Qf5 10. g3 Be6 11. Bh3 Qg6 12. Bxe6 Qxe6 13. Qa4 O-O-O 14. Nb3 Ba7 15.
Nxa5 Nxa5 16. Qxa5 Kb8 17. Qa4 f6 18. h5 fxe5 19. Nxe5 Nf6 20. Qc2 d3 21. Nxd3
Rhe8 22. e3 Rd4 23. b3 Rxf4 24. Nxf4 Qe5 25. O-O Ng4 26. Rad1 Bxe3 27. fxe3
Qxe3+ 28. Kg2 Qe5 29. Rfe1 Ne3+ 30. Rxe3 Qxe3 31. Qd3 1-0

[Event "4NCL/Div2d/CHEDP vs. BRJ"]
[Site "Staverton Park ENG"]
[Date "2009.05.03"]
[Round "10.2"]
[White "Girdlestone, Paul"]
[Black "Bellin, Robert"]
[Result "0-1"]
[WhiteElo "2130"]
[BlackElo "2389"]
[PlyCount "86"]
[EventDate "2009.05.03"]
[SourceDate "2008.10.04"]

1. d4 e6 2. e4 d5 3. exd5 exd5 4. Bd3 c5 5. Nf3 Nc6 6. O-O c4 7. Re1+ Be7 8.
Be2 Nf6 9. b3 cxb3 10. axb3 O-O 11. Ne5 Nxe5 12. dxe5 Ne4 13. Be3 Bb4 14. c3
Nxc3 15. Qd4 Nxe2+ 16. Rxe2 a5 17. Nc3 Be6 18. Na2 Be7 19. Nc1 Qc7 20. Nd3 Rfc8
21. Rc1 Qd7 22. Nc5 Qb5 23. Rb2 b6 24. Nxe6 Rxc1+ 25. Bxc1 fxe6 26. Qg4 Qd7 27.
Qa4 b5 28. Qd4 Rc8 29. Bd2 Bc5 30. Qh4 Bb6 31. h3 b4 32. Kh2 Qf7 33. f3 Qf5 34.
Qf4 Qg6 35. Be3 Rf8 36. Qg5 Qxg5 37. Bxg5 Bd4 38. Rc2 Bxe5+ 39. f4 Bc3 40. Re2
h6 41. Be7 Rxf4 42. Rxe6 Kf7 43. Re2 Re4 0-1

[Event "4NCL/Div2d/CHEDP vs. BRJ"]
[Site "Staverton Park ENG"]
[Date "2009.05.03"]
[Round "10.3"]
[White "Grooten, Herman"]
[Black "Hall, Daniel J"]
[Result "1-0"]
[WhiteElo "2344"]
[BlackElo "2132"]
[PlyCount "49"]
[EventDate "2009.05.03"]
[SourceDate "2008.10.04"]

1. d4 Nf6 2. c4 e6 3. Nf3 b6 4. a3 Ba6 5. Qc2 Bb7 6. Nbd2 c5 7. e4 cxd4 8. e5
Ng4 9. h3 Nh6 10. Ne4 d5 11. exd6 f5 12. Neg5 Bxf3 13. gxf3 Qxd6 14. c5 bxc5
15. Qb3 Nc6 16. Nxe6 Rb8 17. Qa2 Ne5 18. f4 Qc6 19. fxe5 Qxh1 20. Bxh6 gxh6 21.
Nc7+ Kd8 22. Qf7 Qe4+ 23. Kd1 Qc6 24. Ne6+ Kc8 25. Ba6+ 1-0

[Event "4NCL/Div2d/CHEDP vs. BRJ"]
[Site "Staverton Park ENG"]
[Date "2009.05.03"]
[Round "10.4"]
[White "Cabero, Pablo Padilla"]
[Black "Schuurman, Petra"]
[Result "1/2-1/2"]
[WhiteElo "2168"]
[BlackElo "2348"]
[PlyCount "63"]
[EventDate "2009.05.03"]
[SourceDate "2008.10.04"]

1. e4 c6 2. d4 d5 3. e5 Bf5 4. g4 Bd7 5. Nh3 Qc8 6. f3 h5 7. Nf2 e6 8. Be3 c5
9. c3 Nc6 10. Nd3 Qc7 11. Nf4 hxg4 12. fxg4 O-O-O 13. Be2 Be7 14. Nd2 Nxe5 15.
dxe5 Qxe5 16. Ng2 Rxh2 17. Rxh2 Qxh2 18. Bf3 Bb5 19. Nf1 Qh3 20. Kf2 Bd6 21. b4
Nf6 22. bxc5 Bb8 23. Bg5 e5 24. Nge3 d4 25. Nf5 Bxf1 26. Qxf1 Nxg4+ 27. Ke1
Qxf1+ 28. Kxf1 Nh2+ 29. Kf2 f6 30. Bc1 Nxf3 31. Kxf3 dxc3 32. Be3 1/2-1/2

[Event "4NCL/Div2d/CHEDP vs. BRJ"]
[Site "Staverton Park ENG"]
[Date "2009.05.03"]
[Round "10.5"]
[White "Wallace, Paul A"]
[Black "Richmond, Jane"]
[Result "1-0"]
[WhiteElo "2243"]
[BlackElo "2124"]
[PlyCount "83"]
[EventDate "2009.05.03"]
[SourceDate "2008.10.04"]

1. e4 e6 2. d4 d5 3. Nd2 Nf6 4. e5 Nfd7 5. Bd3 c5 6. c3 Nc6 7. Ne2 a5 8. O-O
Nb6 9. Nf3 Bd7 10. dxc5 Bxc5 11. Ng3 Qc7 12. Re1 a4 13. Nh5 Bf8 14. Bf4 h6 15.
Bg3 Na5 16. Nd4 Nbc4 17. Qe2 Qb6 18. b3 Na3 19. bxa4 Bxa4 20. Bh4 N5c4 21. Qg4
Kd7 22. Nxg7 Rg8 23. Bf6 Bc5 24. Qh5 Rgf8 25. Ngxe6 fxe6 26. Nxe6 Bxf2+ 27. Kh1
Ne3 28. Nxf8+ Rxf8 29. Qxh6 Re8 30. Re2 Bc2 31. Bxc2 Naxc2 32. Rxc2 Nxc2 33.
Qh7+ Kc8 34. Qxc2 Qc5 35. Qf5+ Kb8 36. e6 Be3 37. e7 Qc6 38. Rd1 Bc5 39. Qxd5
Qxf6 40. Qd8+ Ka7 41. Qxe8 Bxe7 42. Re1 1-0